[Event "Czestochowa"]
[Site "Czestochowa"]
[Date "1984.??.??"]
[Round "?"]
[White "Pavlik, Radoja"]
[Black "Kojder, Konrad"]
[Result "1/2-1/2"]
[WhiteElo "2355"]
[BlackElo "2380"]
[PlyCount "24"]
[EventDate "1984.??.??"]
[EventType "tourn"]
[EventRounds "11"]
[EventCountry "POL"]
[SourceTitle "EXT 1999"]
[Source "ChessBase"]
[SourceDate "1998.11.16"]
[SourceVersion "1"]
[SourceVersionDate "1998.11.16"]
[SourceQuality "1"]

1. e4 c5 2. Nf3 e6 3. d4 cxd4 4. Nxd4 Nc6 5. Nc3 a6 6. Be3 Qc7 7. Bd3 Nf6 8. 0-0 Nxd4 9. Bxd4 Bc5 10. Bxc5 Qxc5 11. Qe2 d6 12. Kh1 0-0 1/2-1/2

[Event "Czestochowa"]
[Site "Czestochowa"]
[Date "1984.??.??"]
[Round "?"]
[White "Pavlik, Radoja"]
[Black "Lalev, Dimitar"]
[Result "0-1"]
[WhiteElo "2355"]
[BlackElo "2420"]
[PlyCount "62"]
[EventDate "1984.??.??"]
[EventType "tourn"]
[EventRounds "11"]
[EventCountry "POL"]
[SourceTitle "EXT 1999"]
[Source "ChessBase"]
[SourceDate "1998.11.16"]
[SourceVersion "1"]
[SourceVersionDate "1998.11.16"]
[SourceQuality "1"]

1. e4 c5 2. Nf3 e6 3. d4 cxd4 4. Nxd4 Nf6 5. Nc3 d6 6. Bb5+ Nbd7 7. Bg5 Be7 8. Qf3 a6 9. Bxd7+ Bxd7 10. 0-0-0 Qc7 11. Rhe1 0-0-0 12. h4 Kb8 13. Rd3 Rc8 14. g4 h6 15. Be3 Be8 16. Qd1 h5 17. g5 Ng4 18. f4 Nxe3 19. Rexe3 Bd7 20. f5 Qa5 21. e5 d5 22. Nb3 Qb6 23. f6 gxf6 24. exf6 Bd6 25. Re2 Rc4 26. Kb1 Rxh4 27. Nxd5 exd5 28. Rxd5 Bg4 29. Rxd6 Bxe2 30. Qd2 Rh1+ 31. Nc1 Rxc1+ 0-1

[Event "Czestochowa"]
[Site "Czestochowa"]
[Date "1984.??.??"]
[Round "?"]
[White "Pavlik, Radoja"]
[Black "Szypulski, Andrzej"]
[Result "0-1"]
[WhiteElo "2355"]
[BlackElo "2480"]
[PlyCount "82"]
[EventDate "1984.??.??"]
[EventType "tourn"]
[EventRounds "11"]
[EventCountry "POL"]
[SourceTitle "EXT 1999"]
[Source "ChessBase"]
[SourceDate "1998.11.16"]
[SourceVersion "1"]
[SourceVersionDate "1998.11.16"]
[SourceQuality "1"]

1. Nf3 c5 2. c3 e6 3. g3 Nf6 4. Bg2 Be7 5. 0-0 0-0 6. d3 d5 7. Nbd2 Nc6 8. e4 Qc7 9. Re1 b6 10. exd5 Nxd5 11. Nb3 Bb7 12. d4 cxd4 13. Nbxd4 Nxd4 14. Nxd4 Rad8 15. Qe2 Bf6 16. Nb5 Qe7 17. Bd2 a6 18. Nd4 b5 19. Nb3 Qc7 20. Rad1 Rd6 21. Qf3 Ba8 22. Qg4 Rfd8 23. h4 Qc4 24. Re4 Qc8 25. Ree1 Nb6 26. Bxa8 Qxa8 27. Be3 Nc4 28. Rxd6 Rxd6 29. Bf4 Rd8 30. Qe2 Qd5 31. Kh2 h6 32. f3 a5 33. Bc7 Rd7 34. Bxa5 Qa8 35. Qe4 Rd5 36. Bb4 Qxa2 37. Qc2 Qxb2 38. Qxb2 Nxb2 39. Ra1 Na4 40. Rc1 Rd3 41. Nd4 Nxc3 0-1

[Event "Czestochowa"]
[Site "Czestochowa"]
[Date "1984.??.??"]
[Round "?"]
[White "Thipsay, Praveen Mahadeo"]
[Black "Pavlik, Radoja"]
[Result "1-0"]
[WhiteElo "2435"]
[BlackElo "2355"]
[PlyCount "67"]
[EventDate "1984.??.??"]
[EventType "tourn"]
[EventRounds "11"]
[EventCountry "POL"]
[SourceTitle "EXT 1999"]
[Source "ChessBase"]
[SourceDate "1998.11.16"]
[SourceVersion "1"]
[SourceVersionDate "1998.11.16"]
[SourceQuality "1"]

1. e4 c6 2. d4 g6 3. c4 d5 4. exd5 cxd5 5. cxd5 Qxd5 6. Nc3 Qe6+ 7. Be2 Bg7 8. Nf3 Nf6 9. 0-0 0-0 10. Re1 Qd6 11. Bg5 Nc6 12. Qd2 Bf5 13. d5 Nb4 14. Nb5 Ne4 15. Nxd6 Nxd2 16. Bxd2 Nc2 17. Nxf5 gxf5 18. Rab1 Nxe1 19. Bxe1 Rac8 20. Bd1 Rfd8 21. Bb3 Bf6 22. Bd2 b6 23. Be3 Rc7 24. Kf1 Rdc8 25. Ke2 Kg7 26. Bf4 Rc5 27. Ne5 Rb5 28. Nd3 e6 29. Rc1 Rxc1 30. Bxc1 exd5 31. Bd2 a5 32. Ba4 Rc5 33. Nxc5 bxc5 34. b3 1-0